书目信息 |
| 题名: |
美术创作
|
|
| 作者: | 章文熙 编著 | |
| 分册: | ||
| 出版信息: | 北京 高等教育出版社 1997 |
|
| 页数: | 100页 | |
| 开本: | 26cm | |
| 丛书名: | ||
| 单 册: | ||
| 中图分类: | J04 | |
| 科图分类: | ||
| 主题词: | 美术创作 | |
| 电子资源: | ||
| ISBN: | 7-04-006048-5 | |
| 000 | 00562nam0 2200205 45 | |
| 001 | 0198019020 | |
| 005 | 20070702180101.48 | |
| 010 | @a7-04-006048-5@dCNY12.10 | |
| 100 | @a19980402d1997 em y0chiy0121 ea | |
| 101 | 0 | @achi |
| 102 | @aCN@b110000 | |
| 105 | @af z 000yy | |
| 200 | 10 | @a美术创作@Amei shu chuang zuo@f章文熙编著@Fzhang wen xi bian zhu |
| 210 | @a北京@c高等教育出版社@d1997 | |
| 215 | @a100页@c图@d26cm | |
| 606 | @a美术创作 | |
| 690 | @aJ04@v4 | |
| 701 | 0 | @a章文熙@Azhang wen xi@4编著 |
| 801 | 0 | @aCN@bTSSF@c20070702 |
| 905 | @a10447@dJ04@e145 | |
| 美术创作/章文熙编著.-北京:高等教育出版社,1997 |
| 100页:图;26cm |
| ISBN 7-04-006048-5:CNY12.10 |
| ● |
| 相关链接 |
|
|
|
|
正题名:美术创作
索取号:J04/145
 
预约/预借
| 序号 | 登录号 | 条形码 | 馆藏地/架位号 | 状态 | 备注 |
| 1 | 0339692 | 203396921 | 第一样本阅览室/ [索取号:J04/145] | 在馆 | |
| 2 | 0339693 | 203396930 | 第一借阅区/ [索取号:J04/145] | 在馆 | |
| 3 | 0339694 | 203396949 | 第一借阅区/ [索取号:J04/145] | 在馆 | |
| 4 | 0339695 | 203396958 | 第一借阅区/ [索取号:J04/145] | 在馆 | |
| 5 | 0339696 | 203396967 | 第一借阅区/ [索取号:J04/145] | 在馆 | |
| 6 | 0660377 | 206603772 | 库房3/ [索取号:J04/145] | 在馆 | |
| 7 | 0660378 | 206603781 | 库房3/ [索取号:J04/145] | 在馆 | |
| 8 | 0660379 | 206603790 | 库房3/ [索取号:J04/145] | 在馆 | |
| 9 | 0660380 | 206603807 | 库房3/ [索取号:J04/145] | 在馆 | |
| 10 | 0660381 | 206603816 | 库房3/ [索取号:J04/145] | 在馆 | |
| 11 | 0660382 | 206603825 | 库房3/ [索取号:J04/145] | 在馆 | |
| 12 | 0660383 | 206603834 | 库房3/ [索取号:J04/145] | 在馆 | |
| 13 | 0660384 | 206603843 | 库房3/ [索取号:J04/145] | 在馆 | |
| 14 | 0660385 | 206603852 | 库房3/ [索取号:J04/145] | 在馆 | |
| 15 | 0660386 | 206603861 | 库房3/ [索取号:J04/145] | 在馆 | |
| 16 | 0660387 | 206603870 | 库房3/ [索取号:J04/145] | 在馆 | |
| 17 | 0660388 | 206603889 | 库房3/ [索取号:J04/145] | 在馆 | |
| 18 | 0660389 | 206603898 | 库房3/ [索取号:J04/145] | 在馆 | |
| 19 | 0660390 | 206603905 | 库房3/ [索取号:J04/145] | 在馆 | |
| 20 | 0660391 | 206603914 | 库房3/ [索取号:J04/145] | 在馆 | |
| 21 | 0660392 | 206603923 | 库房3/ [索取号:J04/145] | 在馆 | |
| 22 | 0660393 | 206603932 | 库房3/ [索取号:J04/145] | 在馆 | |
| 23 | 0660394 | 206603941 | 库房3/ [索取号:J04/145] | 在馆 | |
| 24 | 0660395 | 206603950 | 库房3/ [索取号:J04/145] | 在馆 | |
| 25 | 0660396 | 206603969 | 库房3/ [索取号:J04/145] | 在馆 | |
| 26 | 0660397 | 206603978 | 库房3/ [索取号:J04/145] | 在馆 | |
| 27 | 0660398 | 206603987 | 库房3/ [索取号:J04/145] | 在馆 | |
| 28 | 0660399 | 206603996 | 库房3/ [索取号:J04/145] | 在馆 | |
| 29 | 0660400 | 206604003 | 库房3/ [索取号:J04/145] | 在馆 | |
| 30 | 0660401 | 206604012 | 库房3/ [索取号:J04/145] | 在馆 | |
| 31 | 0660402 | 206604021 | 库房3/ [索取号:J04/145] | 在馆 | |
| 32 | 0660403 | 206604030 | 库房3/ [索取号:J04/145] | 在馆 | |
| 33 | 0660404 | 206604049 | 库房3/ [索取号:J04/145] | 在馆 | |
| 34 | 0660405 | 206604058 | 库房3/ [索取号:J04/145] | 在馆 | |
| 35 | 0660406 | 206604067 | 库房3/ [索取号:J04/145] | 在馆 | |
| 36 | 0660407 | 206604076 | 库房3/ [索取号:J04/145] | 在馆 | |
| 37 | 0660408 | 206604085 | 库房3/ [索取号:J04/145] | 在馆 | |
| 38 | 0660409 | 206604094 | 库房3/ [索取号:J04/145] | 在馆 | |
| 39 | 0660410 | 206604101 | 库房3/ [索取号:J04/145] | 在馆 | |
| 40 | 0660411 | 206604110 | 库房3/ [索取号:J04/145] | 在馆 | |
| 41 | 0660412 | 206604129 | 库房3/ [索取号:J04/145] | 在馆 | |
| 42 | 0660413 | 206604138 | 库房3/ [索取号:J04/145] | 在馆 | |
| 43 | 0660414 | 206604147 | 库房3/ [索取号:J04/145] | 在馆 | |
| 44 | 0660415 | 206604156 | 库房3/ [索取号:J04/145] | 在馆 | |
| 45 | 0660416 | 206604165 | 库房3/ [索取号:J04/145] | 在馆 | |
| 46 | 0764470 | 207644708 | 密集书库/ [索取号:J04/145] | 在馆 |